00570nam a2200193Ia 450000500170000000800410001702000280005804000190008604100120010508200130011710000190013024500940014926000400024330000140028350400190029765000270031665100230034385000100036620220715153106.0131103s9999 xx 000 0 und d a0 710078 77 3c4.50 pds aLoreto College aEnglish a809bROC aRockwell, Joan aFact in fictionbThe use of literature in the systematic study of society cJoan Rockwell aLondonbRoutledge& Kegan Paulc1974 ax,211 p.  aIncludes index aLiterature and society aEnglish Fiction -  aLCLIB